Simulácia priemyselného robota v programe KUKA.Sim Pro a uvedenie priemyselného robota KUKA do prevádzky

Gespeichert in:
Bibliographische Detailangaben
1. Verfasser: Mižigár, Jakub (Verfasst von)
Weitere Verfasser: Juhás, Martin (Betreuung Doktorarbeit)
Format: Manuskript Buch
Sprache:Slowakisch
Veröffentlicht: 2023
Schlagworte:
Online-Zugang:http://is.stuba.sk/zp/portal_zp.pl?podrobnosti=170566
Tags: Tag hinzufügen
Keine Tags, Fügen Sie das erste Tag hinzu!

MARC

LEADER 00000ntm a22000003a 4500
001 stuzp93843
003 SK-STU
005 20230909220239.1
007 ta
008 150427s2015----xo-----f-mn---000-0-slo-d
040 |a STU  |b slo 
041 0 |a slo 
100 1 |a Mižigár, Jakub  |u 066000  |4 aut  |U MTF Materiálovotechnologická fakulta  |T MTF Ústav aplikovanej informatiky, automatizácie a mechatroniky  |X 91519  |U M6000  |Y 86  |7 91519 
242 0 1 |a Simulation of an industrial robot in the KUKA.Sim Pro program and putting the KUKA industrial robot into operation  |y eng 
245 1 0 |a Simulácia priemyselného robota v programe KUKA.Sim Pro a uvedenie priemyselného robota KUKA do prevádzky 
260 |c 2023 
650 4 |a priemyselný robot  |2 slo 
650 4 |a simulácia  |2 slo 
650 4 |a KUKA Robot Language  |2 slo 
650 4 |a industrial robot  |2 eng 
650 4 |a simulation  |2 eng 
650 4 |a KUKA Robot Language  |2 eng 
700 1 |a Juhás, Martin  |u 066000  |k Z1  |4 ths  |U MTF Materiálovotechnologická fakulta  |T MTF Ústav aplikovanej informatiky, automatizácie a mechatroniky  |X 2855  |U M6000  |Y 86  |7 A000002855 
856 4 |u http://is.stuba.sk/zp/portal_zp.pl?podrobnosti=170566 
996 |c M* DP-15195  |l MMSKP  |s P  |a 0  |w stuzp93843_0001